Phân tích mối quan hệ giữa tăng trưởng tín dụng với lạm phát và tăng trưởng kinh tế ở Việt Nam : Luận văn Thạc sĩ. Ngành Tài chính - Ngân hàng

Luận văn nghiên cứu về hệ thống hoá những vấn đề cơ bản, cốt lõi về tín dụng, lạm phát và tăng trưởng kinh tế, qua đó xác định mối quan hệ nhân quả giữa tính dụng với lạm phát và tăng trưởng kinh tế ở Việt Nam....

Popoln opis

Shranjeno v:
Bibliografske podrobnosti
Glavni avtor: Phạm, Hiếu Trung
Format: Knjiga
Jezik:Undetermined
Izdano: Cần Thơ Trường Đại học Cần Thơ 2014
Teme:
Oznake: Označite
Brez oznak, prvi označite!
Thư viện lưu trữ: Trung tâm Học liệu Trường Đại học Cần Thơ
LEADER 01271nam a2200217Ia 4500
001 CTU_185767
008 210402s9999 xx 000 0 und d
082 |a 332 
082 |b Tr513 
088 |a 603420 
100 |a Phạm, Hiếu Trung 
245 0 |a Phân tích mối quan hệ giữa tăng trưởng tín dụng với lạm phát và tăng trưởng kinh tế ở Việt Nam : 
245 0 |b Luận văn Thạc sĩ. Ngành Tài chính - Ngân hàng 
245 0 |c Phạm Hiếu Trung ; Nguyễn Thiện Phong (người hướng dẫn) 
260 |a Cần Thơ 
260 |b Trường Đại học Cần Thơ 
260 |c 2014 
520 |a Luận văn nghiên cứu về hệ thống hoá những vấn đề cơ bản, cốt lõi về tín dụng, lạm phát và tăng trưởng kinh tế, qua đó xác định mối quan hệ nhân quả giữa tính dụng với lạm phát và tăng trưởng kinh tế ở Việt Nam. 
650 |a Tiền tệ,Money,Credit,Inflation (Finance),Lạm phát (Tài chính),Tín dụng 
904 |i Nguyễn Thị Thảo Trinh, Trúc 
980 |a Trung tâm Học liệu Trường Đại học Cần Thơ